[Event "MESRRK"]
[Site "?"]
[Date "2018.05.27"]
[Round "8.21"]
[White "Finek, Vaclav"]
[Black "Dolnik, Michal"]
[Result "1-0"]
[BlackElo "1036"]
[WhiteElo "1763"]
[LiveChessVersion "1.4.8"]

1. e4 {[%clk 0:20:17]} c5 {[%clk 0:20:18]} 2. Nf3 {[%clk 0:20:26]} Nc6
{[%clk 0:20:26]} 3. d4 {[%clk 0:20:28]} cxd4 {[%clk 0:20:32]} 4. Nxd4
{[%clk 0:20:37]} Nf6 {[%clk 0:20:39]} 5. Nc3 {[%clk 0:20:45]} d6 {[%clk 0:20:45]}
6. Be3 {[%clk 0:20:46]} e6 {[%clk 0:20:50]} 7. Be2 {[%clk 0:20:47]} Be7
{[%clk 0:20:53]} 8. O-O {[%clk 0:20:54]} O-O {[%clk 0:20:50]} 9. Qd2
{[%clk 0:20:35]} Nxd4 {[%clk 0:20:44]} 10. Bxd4 {[%clk 0:20:38]} e5
{[%clk 0:20:52]} 11. Be3 {[%clk 0:20:45]} Be6 {[%clk 0:20:50]} 12. f4
{[%clk 0:20:28]} exf4 {[%clk 0:20:40]} 13. Bxf4 {[%clk 0:20:19]} Qb6+
{[%clk 0:20:34]} 14. Be3 {[%clk 0:20:25]} Qxb2 {[%clk 0:20:23]} 15. Rfb1
{[%clk 0:20:27]} Qa3 {[%clk 0:20:14]} 16. Rxb7 Bd8 {[%clk 0:19:27]} 17. Nb5
{[%clk 0:19:13]} Qb2 {[%clk 0:18:37]} 18. Bd4 {[%clk 0:19:07]} Nxe4
{[%clk 0:17:32]} 19. Qd3 {[%clk 0:17:55]} Nc5 {[%clk 0:16:38]} 20. Bxb2
{[%clk 0:17:34]} Nxd3 {[%clk 0:16:42]} 21. Bxd3 {[%clk 0:17:32]} Bb6+
{[%clk 0:16:25]} 22. Kh1 {[%clk 0:17:08]} Bd5 {[%clk 0:16:17]} 23. Re7
{[%clk 0:16:35]} Be6 {[%clk 0:16:14]} 24. Nd4 {[%clk 0:15:53]} Bxd4
{[%clk 0:15:55]} 25. Bxd4 {[%clk 0:16:01]} Rfb8 {[%clk 0:15:20]} 26. Rxa7
{[%clk 0:15:22]} Rxa7 {[%clk 0:15:12]} 27. Bxa7 {[%clk 0:15:30]} Rb2
{[%clk 0:15:09]} 28. Bd4 {[%clk 0:15:26]} Rb8 {[%clk 0:14:55]} 29. a4
{[%clk 0:15:24]} Rb4 {[%clk 0:14:47]} 30. Bc3 {[%clk 0:15:14]} Rb8
{[%clk 0:14:39]} 31. a5 {[%clk 0:15:22]} Ra8 {[%clk 0:14:39]} 32. a6
{[%clk 0:15:31]} d5 {[%clk 0:14:41]} 33. a7 {[%clk 0:15:23]} f6 {[%clk 0:14:34]}
34. Bd4 {[%clk 0:15:21]} Kf8 {[%clk 0:14:28]} 35. Rb1 {[%clk 0:15:27]} Ke7
{[%clk 0:14:20]} 36. Bc5+ {[%clk 0:15:29]} Kd7 {[%clk 0:14:21]} 37. Rb8
{[%clk 0:15:31]} Rxb8 {[%clk 0:14:25]} 38. axb8=Q {[%clk 0:15:35]} Bg8
{[%clk 0:13:55]} 39. Qd6+ Kc8 {[%clk 0:13:55]} 40. Ba6# {[%clk 0:15:31]} 1-0

[Event "MESRRK"]
[Site "?"]
[Date "2018.05.27"]
[Round "8.22"]
[White "Strapec, Lukas"]
[Black "Pylypenko, Radomyr"]
[Result "0-1"]
[BlackElo "1422"]
[WhiteElo "1289"]
[LiveChessVersion "1.4.8"]

1. Nf3 {[%clk 0:20:17]} e6 {[%clk 0:20:16]} 2. d4 {[%clk 0:20:13]} d5
{[%clk 0:20:23]} 3. Bf4 {[%clk 0:20:12]} c5 {[%clk 0:20:19]} 4. e3
{[%clk 0:19:56]} Nc6 {[%clk 0:20:21]} 5. Nbd2 {[%clk 0:19:23]} cxd4
{[%clk 0:20:14]} 6. exd4 {[%clk 0:19:16]} Qb6 {[%clk 0:20:17]} 7. Nb3
{[%clk 0:18:35]} Nf6 {[%clk 0:20:20]} 8. c3 {[%clk 0:17:48]} Be7 {[%clk 0:20:22]}
9. Bd3 {[%clk 0:17:43]} Bd7 {[%clk 0:20:14]} 10. O-O {[%clk 0:16:49]} O-O
{[%clk 0:20:21]} 11. Bc2 {[%clk 0:16:18]} Na5 {[%clk 0:19:41]} 12. Qd3
{[%clk 0:15:48]} Bb5 {[%clk 0:19:04]} 13. Qd2 {[%clk 0:12:28]} Bxf1
{[%clk 0:19:01]} 14. Rxf1 {[%clk 0:12:05]} Nxb3 {[%clk 0:18:53]} 15. axb3
{[%clk 0:11:51]} Bd6 {[%clk 0:18:25]} 16. Be5 {[%clk 0:11:09]} Bxe5
{[%clk 0:18:25]} 17. dxe5 {[%clk 0:11:08]} Nd7 {[%clk 0:18:27]} 18. Qd3
{[%clk 0:11:04]} f5 {[%clk 0:18:31]} 19. Ng5 {[%clk 0:10:17]} Nxe5
{[%clk 0:18:14]} 20. Qh3 {[%clk 0:10:11]} h6 {[%clk 0:18:17]} 21. Nf3
{[%clk 0:09:39]} Ng6 {[%clk 0:17:40]} 22. Re1 {[%clk 0:08:53]} Rf6
{[%clk 0:15:31]} 23. Nd4 {[%clk 0:08:20]} Raf8 {[%clk 0:14:31]} 24. Qh5
{[%clk 0:07:58]} Nf4 {[%clk 0:13:59]} 25. Qh4 {[%clk 0:07:44]} Nh5 26. Qxh5
{[%clk 0:07:42]} R8f7 {[%clk 0:13:35]} 27. g4 {[%clk 0:07:11]} fxg4
{[%clk 0:13:42]} 28. Bg6 {[%clk 0:06:58]} Rf8 {[%clk 0:13:43]} 29. Qxg4
{[%clk 0:06:23]} Rxf2 {[%clk 0:13:35]} 30. Nxe6 {[%clk 0:05:14]} R2f4+
{[%clk 0:13:39]} 31. Kh1 {[%clk 0:04:21]} Rxg4 {[%clk 0:13:44]} 32. Nxf8
{[%clk 0:04:16]} Qf2 {[%clk 0:13:34]} 0-1

[Event "MESRRK"]
[Site "?"]
[Date "2018.05.27"]
[Round "8.23"]
[White "Buchtova, Viktorie"]
[Black "Svadlenka, Dominik"]
[Result "1-0"]
[BlackElo "1322"]
[WhiteElo "1015"]
[LiveChessVersion "1.4.8"]

1. e4 {[%clk 0:20:17]} e5 {[%clk 0:20:19]} 2. Nf3 {[%clk 0:20:25]} Nc6
{[%clk 0:20:27]} 3. d4 {[%clk 0:20:33]} exd4 {[%clk 0:20:35]} 4. Nxd4
{[%clk 0:20:41]} Nf6 {[%clk 0:20:42]} 5. Nc3 {[%clk 0:20:50]} Bc5
{[%clk 0:20:45]} 6. Be3 {[%clk 0:20:57]} Nxd4 {[%clk 0:20:50]} 7. Bxd4
{[%clk 0:21:04]} Bxd4 {[%clk 0:20:57]} 8. Qxd4 {[%clk 0:21:11]} O-O
{[%clk 0:20:59]} 9. O-O-O {[%clk 0:21:17]} a5 {[%clk 0:21:07]} 10. Bd3
{[%clk 0:21:20]} c6 {[%clk 0:21:08]} 11. e5 {[%clk 0:21:18]} Ne8 {[%clk 0:21:14]}
12. Qe4 {[%clk 0:20:43]} Qg5+ {[%clk 0:21:00]} 13. f4 {[%clk 0:20:39]} Qg6
{[%clk 0:21:01]} 14. f5 {[%clk 0:20:35]} Qh6+ {[%clk 0:21:08]} 15. Kb1
{[%clk 0:20:21]} d6 {[%clk 0:21:13]} 16. g4 {[%clk 0:19:22]} dxe5
{[%clk 0:21:01]} 17. Qxe5 {[%clk 0:19:24]} Qd6 {[%clk 0:21:07]} 18. Qe3
{[%clk 0:19:14]} Nf6 {[%clk 0:20:58]} 19. g5 {[%clk 0:18:56]} Ng4
{[%clk 0:20:33]} 20. Qf3 {[%clk 0:18:26]} Ne5 {[%clk 0:20:40]} 21. Qh5
{[%clk 0:18:14]} Nxd3 {[%clk 0:20:38]} 22. Rxd3 {[%clk 0:18:13]} Qf4
{[%clk 0:20:34]} 23. f6 {[%clk 0:17:10]} gxf6 {[%clk 0:20:17]} 24. gxf6
{[%clk 0:17:15]} Qxf6 {[%clk 0:20:23]} 25. Rg1+ {[%clk 0:17:17]} Kh8
{[%clk 0:20:29]} 26. Rf3 {[%clk 0:17:10]} Qd4 {[%clk 0:19:51]} 27. Qg5
{[%clk 0:16:47]} Be6 {[%clk 0:19:14]} 28. Rf4 {[%clk 0:16:33]} Qxg1+
{[%clk 0:17:45]} 29. Qxg1 {[%clk 0:16:36]} Rg8 {[%clk 0:17:48]} 30. Qd4+
{[%clk 0:16:40]} Rg7 {[%clk 0:17:50]} 31. Ne4 {[%clk 0:16:21]} Kg8
{[%clk 0:17:33]} 32. Nf6+ {[%clk 0:16:24]} Kf8 {[%clk 0:17:29]} 33. Qd6# 1-0

[Event "MESRRK"]
[Site "?"]
[Date "2018.05.27"]
[Round "8.30"]
[White "Sevcik, Ondrej"]
[Black "Micova, Barbora"]
[Result "1-0"]
[BlackElo "1082"]
[WhiteElo "1188"]
[LiveChessVersion "1.4.8"]

1. e4 {[%clk 0:20:19]} e5 {[%clk 0:20:18]} 2. Nf3 {[%clk 0:20:26]} Nc6
{[%clk 0:20:25]} 3. Bc4 {[%clk 0:20:33]} Bc5 {[%clk 0:20:32]} 4. c3
{[%clk 0:20:41]} Nf6 {[%clk 0:20:39]} 5. d4 {[%clk 0:20:49]} exd4
{[%clk 0:20:46]} 6. cxd4 {[%clk 0:20:56]} Bb6 {[%clk 0:20:37]} 7. Bg5
{[%clk 0:21:00]} d6 {[%clk 0:20:44]} 8. h3 {[%clk 0:21:04]} O-O {[%clk 0:20:50]}
9. Nc3 {[%clk 0:21:05]} h6 {[%clk 0:20:51]} 10. Bh4 {[%clk 0:21:11]} Bd7
{[%clk 0:20:56]} 11. Nd5 {[%clk 0:21:14]} Re8 {[%clk 0:20:56]} 12. Bd3
{[%clk 0:20:40]} g5 {[%clk 0:20:56]} 13. Nxf6+ {[%clk 0:20:45]} Qxf6
{[%clk 0:21:02]} 14. Bg3 {[%clk 0:20:48]} Bf5 {[%clk 0:20:47]} 15. Qe2
{[%clk 0:20:23]} Ba5+ {[%clk 0:20:49]} 16. Kf1 {[%clk 0:19:55]} Bd7
{[%clk 0:20:46]} 17. e5 {[%clk 0:19:24]} dxe5 {[%clk 0:20:43]} 18. dxe5
{[%clk 0:19:30]} Qe6 {[%clk 0:20:12]} 19. Qe4 {[%clk 0:19:14]} Qg6
{[%clk 0:19:19]} 20. Qd5 {[%clk 0:18:51]} Qe6 {[%clk 0:19:16]} 21. Qe4
{[%clk 0:18:22]} Qg6 {[%clk 0:19:24]} 22. Qxg6+ {[%clk 0:18:18]} fxg6
{[%clk 0:19:31]} 23. Bxg6 {[%clk 0:18:20]} Re6 {[%clk 0:19:38]} 24. Bf5
{[%clk 0:18:22]} Re7 {[%clk 0:19:43]} 25. Bd3 {[%clk 0:18:11]} Nb4
{[%clk 0:19:45]} 26. Bc4+ {[%clk 0:18:15]} Kh7 {[%clk 0:19:38]} 27. a3
{[%clk 0:17:54]} Nc6 {[%clk 0:19:34]} 28. Bd3+ {[%clk 0:17:35]} Kg8
{[%clk 0:19:26]} 29. Rd1 {[%clk 0:17:25]} Rd8 {[%clk 0:17:57]} 30. Bb5
{[%clk 0:17:10]} a6 {[%clk 0:18:02]} 31. Bxc6 {[%clk 0:17:16]} bxc6
{[%clk 0:18:10]} 32. b4 {[%clk 0:16:54]} Bb6 {[%clk 0:18:10]} 33. Kg1
{[%clk 0:16:34]} c5 {[%clk 0:18:00]} 34. bxc5 {[%clk 0:16:23]} Bxc5
{[%clk 0:18:04]} 35. Kh2 {[%clk 0:16:26]} Bxa3 {[%clk 0:17:48]} 36. Rhe1
{[%clk 0:16:07]} Bb4 {[%clk 0:17:49]} 37. Re2 {[%clk 0:16:11]} Ree8
{[%clk 0:17:46]} 38. e6 {[%clk 0:15:16]} Bxe6 {[%clk 0:17:45]} 39. Rxe6
{[%clk 0:15:12]} Rxe6 {[%clk 0:17:34]} 40. Rxd8+ {[%clk 0:15:19]} Bf8
{[%clk 0:17:41]} 41. Bxc7 {[%clk 0:15:16]} Re2 {[%clk 0:17:24]} 42. Bd6
{[%clk 0:15:07]} Ra2 {[%clk 0:17:10]} 43. Rxf8+ {[%clk 0:15:13]} Kg7
{[%clk 0:17:18]} 44. Ra8 {[%clk 0:15:03]} Rxf2 {[%clk 0:17:16]} 45. Rxa6
{[%clk 0:14:59]} Kf7 {[%clk 0:17:19]} 46. Ra7+ {[%clk 0:14:58]} Ke8
{[%clk 0:17:27]} 47. Rh7 {[%clk 0:14:44]} Ra2 {[%clk 0:17:29]} 48. Rxh6
{[%clk 0:14:51]} Ra6 {[%clk 0:17:35]} 49. Nxg5 {[%clk 0:14:35]} Rc6
{[%clk 0:17:42]} 50. Ne4 {[%clk 0:14:34]} Ra6 {[%clk 0:17:49]} 51. Rh7
{[%clk 0:14:33]} Ra2 {[%clk 0:17:54]} 52. Kg3 {[%clk 0:14:32]} Ra6
{[%clk 0:18:00]} 53. Kf4 {[%clk 0:14:39]} Ra8 {[%clk 0:18:07]} 54. Rh8+
{[%clk 0:14:47]} Kd7 {[%clk 0:18:14]} 55. Rxa8 {[%clk 0:14:53]} Kc6
{[%clk 0:18:20]} 56. Ra5 {[%clk 0:14:49]} Kb6 {[%clk 0:18:28]} 57. Rh5
{[%clk 0:14:55]} Kc6 {[%clk 0:18:36]} 58. Nc3 {[%clk 0:15:03]} Kxd6
{[%clk 0:18:42]} 59. Ke4 {[%clk 0:15:10]} Kc6 60. Kd4 Kd6 {[%clk 0:18:45]} 61.
Rh6+ {[%clk 0:15:18]} Ke7 {[%clk 0:18:52]} 62. Kd5 {[%clk 0:15:26]} Kf7
{[%clk 0:18:59]} 63. Ke5 {[%clk 0:15:34]} Kg7 {[%clk 0:19:08]} 64. Ra6
{[%clk 0:15:41]} Kf7 {[%clk 0:19:16]} 65. Rb6 {[%clk 0:15:50]} Kg7
{[%clk 0:19:24]} 66. Kf5 {[%clk 0:15:58]} Kh7 {[%clk 0:19:31]} 67. Kg5
{[%clk 0:16:07]} Kg7 {[%clk 0:19:39]} 68. Rb7+ {[%clk 0:16:16]} Kf8
{[%clk 0:19:47]} 69. Kg6 {[%clk 0:16:24]} Ke8 {[%clk 0:19:53]} 70. Kf6
{[%clk 0:16:32]} Kd8 {[%clk 0:20:02]} 71. Ke6 {[%clk 0:16:41]} Kc8
{[%clk 0:20:09]} 72. Rh7 {[%clk 0:16:48]} Kd8 {[%clk 0:20:16]} 73. Rg7
{[%clk 0:16:56]} Kc8 {[%clk 0:20:24]} 74. Kd6 {[%clk 0:17:05]} Kb8
{[%clk 0:20:32]} 75. Kc6 {[%clk 0:17:13]} Ka8 {[%clk 0:20:41]} 76. Kb6
{[%clk 0:17:22]} Kb8 {[%clk 0:20:50]} 77. Rg8# 1-0